000 00629cam a2200229 4500
008 090401t1986 xxu||||| |||| 00| 0 eng d
020 _a0946700346
035 _a(Sirsi) u35158
041 _aeng
050 _a331.2166
100 _aNasser, S.M.A.
245 _aLaw on fees
260 _aLondon
_bHenry Stewart Publications
_c1986
300 _a41p. ; 22cm.
350 _a0
490 _aHenry Stewart Briefings for Surveyors
_v12
520 _aPublished jointly with Portsmouth Polytechnic Department of Surveying .
650 _aESTATE AGENCY
650 _aPROFESSIONAL FEES
942 _n0
948 _c04/03/1997
999 _c90056
_d90056